Complete the Card - WWE Backlash 2007 - Statistics

General Stats
  • This quiz has been taken 12 times
  • The average score is 15 of 18
Answer Stats
Answer % Correct
Edge
100%
John Cena
100%
Randy Orton
100%
Batista
89%
Bobby Lashley
89%
Jeff Hardy
89%
Matt Hardy
89%
MVP
89%
Shane McMahon
89%
Shawn Michaels
89%
The Undertaker
89%
Vince McMahon
89%
Chris Benoit
78%
Melina
78%
Umaga
78%
Mickie James
67%
Lance Cade
56%
Trevor Murdoch
56%
No matching quizzes found
Score Distribution
Percent of People with Each Score
Percentile by Number Answered
Your Score History
You have not taken this quiz